LEADER 01516nam--2200469---450- 001 990000694730203316 005 20091210145712.0 035 $a0069473 035 $aUSA010069473 035 $a(ALEPH)000069473USA01 035 $a0069473 100 $a20011017d1980----km-y0itay0103----ba 101 $aita 102 $aIT 105 $a||||||||001yy 200 1 $aElementi di economia politica$fArnold Heertje$g[traduzione di Guja Bachilega$gedizione italiana a cura di Maria Luisa Segnana] 210 $aBologna$cIl mulino$dc1980 215 $a308 p.$d22 cm 225 2 $aLa nuova scienza$iSerie di economia 312 $aDer Kern van de Economie 410 $12001$aLa nuova scienza$iSerie di economia 454 $12001$aDer Kern van de Economie$936883 606 0 $aItalia$xPolitica economica$xStudi 676 $a338945 700 1$aHEERTJE,$bArnold$074885 801 0$aIT$bsalbc$gISBD 912 $a990000694730203316 951 $aXXX.B. Coll. 52/ 50(COLL. AW 46)$b69416$cXXX.B. Coll. 52/(COLL. AW)$d00261574 951 $a300 330.1 HEE$b13743 DISES 959 $aBK 969 $aECO 969 $aDISES 979 $aPATTY$b90$c20011017$lUSA01$h2110 979 $c20020403$lUSA01$h1718 979 $aPATRY$b90$c20040406$lUSA01$h1648 979 $aRSIAV1$b90$c20091210$lUSA01$h1457 979 $c20121027$lUSA01$h1544 979 $c20121027$lUSA01$h1603 979 $c20121027$lUSA01$h1610 996 $aDer Kern van de Economie$936883 997 $aUNISA DEB $aUSA19884 LEADER 01069nam--2200385---450- 001 990003623630203316 005 20120215094246.0 010 $a978-88-317-9600-2 035 $a000362363 035 $aUSA01000362363 035 $a(ALEPH)000362363USA01 035 $a000362363 100 $a20120215d2008----km-y0itay50------ba 101 $aita 102 $aIT 105 $a||||||||001yy 200 1 $aViaggio musicale$fAndrea Zanzotto$gconversazioni a cura di Paolo Cattelan 210 $aVenezia$cMarsilio$d2008 215 $a92 p.$d16 cm$e1 DVD 225 2 $aGocce 410 0$12001$aGocce 454 1$12001 606 0 $aMusica$xInterviste 676 $a780 700 1$aZANZOTTO,$bAndrea$0174583 702 1$aCATTELAN,$bPaolo 801 0$aIT$bsalbc$gISBD 912 $a990003623630203316 951 $aVI.3.B. 4187$b234199 L.M.$cVI.3.B.$d00269679 959 $aBK 969 $aUMA 979 $aALESSANDRA$b90$c20120215$lUSA01$h0937 979 $aALESSANDRA$b90$c20120215$lUSA01$h0942 996 $aViaggio musicale$91136962 997 $aUNISA